000 00310nam a2200133Ia 4500
008 190216s9999||||xx |||||||||||||| ||und||
100 _aPrasanna Chandra
245 0 _aValuation Of Equity Shares In India
250 _a1st Ed.
260 _bS. Chand & Co
300 _a148
650 _aEconomics
942 _cBK
999 _c9368
_d9368